000 00759nam a2200241 a 4500
001 BRL_1836
005 20190320211406.0
008 070815s1972----mx-a######---#000-0#eng-#
041 _aspa
044 _amx
050 4 _aR466
_b.W56 1972
100 1 _aWinter, Evelyne
_928003
245 1 0 _aMexico´s ancient and native remedies
_ba handbook of testimonials and historic references for modern use
_cEvelyne Winter.
260 _aMéxico
_bEditorial Fournier
_c1972
300 _axii, 182 p.
_bil.
_c21 cm.
500 _aAu2034
504 _aBibliografía: p. 179-180
650 1 4 _aMedicina tradicional
_zMéxico
_922750
650 1 4 _aMateria medica vegetal
_zMéxico
_928004
650 1 4 _aEtnobotánica
_zMéxico
_928005
902 _aGRL
942 _2lcc
_cB
999 _c10644
_d10644